000 00429nam a2200169Ia 4500
001 18997
003 IN-NITTTR
005 20251114233220.0
008 251113s9999||||xx |||||||||||||| ||eng||
040 _beng
040 _cIN-NITTTR
041 _aeng
082 _a621.381530422 W672P
100 _aWilliams, Gerald E.
245 0 _aPractical transistor circuits design and analysis /
_cWilliams, Gerald E.
942 _2ddc
_cBK
999 _c21631
_d21631